Rea,s problem Solvers Transport Phenomena: Momentum-Energy-Mass / (Record no. 564429)
[ view plain ]
| 000 -LEADER | |
|---|---|
| fixed length control field | 00426nam a2200133Ia 4500 |
| 008 - FIXED-LENGTH DATA ELEMENTS--GENERAL INFORMATION | |
| fixed length control field | 210430s9999 xx 000 0 und d |
| 020 ## - INTERNATIONAL STANDARD BOOK NUMBER | |
| International Standard Book Number | 978-0878915620 |
| 082 ## - DEWEY DECIMAL CLASSIFICATION NUMBER | |
| Classification number | 530.138 S7751T |
| 100 ## - MAIN ENTRY--PERSONAL NAME | |
| Personal name | The editors of REA,S |
| 9 (RLIN) | 54005 |
| 245 ## - TITLE STATEMENT | |
| Title | Rea,s problem Solvers Transport Phenomena: Momentum-Energy-Mass / |
| Statement of responsibility, etc. | The editors of REA,S |
| 260 ## - PUBLICATION, DISTRIBUTION, ETC. | |
| Name of publisher, distributor, etc. | Research & Education Association |
| Date of publication, distribution, etc. | 1985 |
| 300 ## - PHYSICAL DESCRIPTION | |
| Extent | 864 p. |
| 942 ## - ADDED ENTRY ELEMENTS (KOHA) | |
| Koha item type | Book |
| Source of classification or shelving scheme | |
| Withdrawn status | Lost status | Source of classification or shelving scheme | Damaged status | Not for loan | Permanent Location | Current Location | Shelving location | Date acquired | Full call number | Barcode | Date last seen | Price effective from | Koha item type |
|---|---|---|---|---|---|---|---|---|---|---|---|---|---|
| School of Chemical & Materials Engineering (SCME) | School of Chemical & Materials Engineering (SCME) | General Stacks | 05/11/8 | 530.138 S 7751 T | SCME-3640 | 04/30/2021 | 04/30/2021 | Book |
